[Event "TeamRussiamenrapid"]
[Site "?"]
[Date "2016.10.06"]
[Round "8.3"]
[White "Matinian, Nikita"]
[Black "Dreev, Aleksey"]
[Result "0-1"]
[LiveChessVersion "1.4.4"]
[BlackElo "2690"]
[WhiteElo "2493"]

1. e4 {[%clk 0:15:19]} c6 {[%clk 0:15:20]} 2. d4 {[%clk 0:15:28]} d5
{[%clk 0:15:29]} 3. e5 {[%clk 0:15:38]} Bf5 {[%clk 0:15:38]} 4. Nf3
{[%clk 0:15:47]} e6 {[%clk 0:15:46]} 5. Be2 {[%clk 0:15:56]} c5 {[%clk 0:15:55]}
6. Be3 {[%clk 0:16:04]} cxd4 {[%clk 0:16:03]} 7. Nxd4 {[%clk 0:16:12]} Ne7
{[%clk 0:16:10]} 8. Nd2 {[%clk 0:16:19]} Nbc6 {[%clk 0:16:15]} 9. N2f3
{[%clk 0:16:25]} Bg4 {[%clk 0:16:18]} 10. O-O {[%clk 0:16:17]} Bxf3
{[%clk 0:16:24]} 11. Nxf3 {[%clk 0:16:24]} Qc7 {[%clk 0:16:29]} 12. c4
{[%clk 0:15:36]} dxc4 {[%clk 0:16:04]} 13. Bxc4 {[%clk 0:15:42]} Nf5
{[%clk 0:15:58]} 14. Bf4 {[%clk 0:14:31]} Be7 {[%clk 0:15:58]} 15. Bb5
{[%clk 0:14:14]} O-O {[%clk 0:14:27]} 16. Rc1 {[%clk 0:09:50]} Rfd8
{[%clk 0:14:35]} 17. Qa4 {[%clk 0:08:42]} Qb6 {[%clk 0:14:22]} 18. Bxc6
{[%clk 0:08:31]} bxc6 {[%clk 0:14:30]} 19. b3 {[%clk 0:08:26]} c5
{[%clk 0:14:22]} 20. Bg5 {[%clk 0:06:38]} Bxg5 {[%clk 0:12:10]} 21. Nxg5
{[%clk 0:06:47]} Rd5 {[%clk 0:11:25]} 22. Qe4 {[%clk 0:02:45]} Rad8
{[%clk 0:10:50]} 23. Nf3 {[%clk 0:02:26]} h6 {[%clk 0:10:39]} 24. h3
{[%clk 0:02:13]} Rd3 {[%clk 0:09:37]} 25. Rc4 {[%clk 0:02:11]} Qa5
{[%clk 0:07:20]} 26. Ra4 {[%clk 0:02:20]} Qb6 {[%clk 0:06:55]} 27. Kh2
{[%clk 0:02:01]} R3d5 {[%clk 0:06:54]} 28. Rc4 {[%clk 0:01:35]} Qa5
{[%clk 0:06:48]} 29. Ra4 {[%clk 0:01:42]} Qb6 {[%clk 0:06:44]} 30. Rc4
{[%clk 0:01:47]} Nd4 {[%clk 0:05:52]} 31. Re1 {[%clk 0:00:50]} Qa5
{[%clk 0:06:00]} 32. Ra4 {[%clk 0:00:30]} Nxf3+ {[%clk 0:05:40]} 33. gxf3
{[%clk 0:00:39]} Qd2 {[%clk 0:04:53]} 34. Kg2 {[%clk 0:00:43]} Rd4
{[%clk 0:04:33]} 35. Qe3 {[%clk 0:00:39]} Rxa4 {[%clk 0:04:19]} 36. bxa4
{[%clk 0:00:48]} Qxe3 {[%clk 0:04:07]} 37. Rxe3 {[%clk 0:00:51]} Rd4
{[%clk 0:04:14]} 38. Rc3 {[%clk 0:00:43]} Rxa4 {[%clk 0:04:02]} 39. Rxc5
{[%clk 0:00:52]} Rxa2 {[%clk 0:04:09]} 40. h4 {[%clk 0:01:01]} g5
{[%clk 0:03:36]} 41. hxg5 {[%clk 0:00:59]} hxg5 {[%clk 0:03:45]} 42. Kg3
{[%clk 0:01:00]} Ra4 {[%clk 0:03:50]} 43. Rc7 {[%clk 0:00:52]} Kg7
{[%clk 0:03:52]} 44. Rb7 {[%clk 0:00:56]} Kg6 {[%clk 0:04:00]} 45. Rc7
{[%clk 0:01:05]} a5 {[%clk 0:03:52]} 46. Ra7 {[%clk 0:01:14]} Ra3
{[%clk 0:03:53]} 47. Kg4 {[%clk 0:01:17]} Ra1 {[%clk 0:03:37]} 48. f4
{[%clk 0:00:45]} Ra4 {[%clk 0:03:00]} 49. Kg3 {[%clk 0:00:55]} Rxf4
{[%clk 0:02:52]} 50. Rxa5 {[%clk 0:01:04]} Rf5 {[%clk 0:03:01]} 51. Kg4
{[%clk 0:00:48]} f6 {[%clk 0:02:56]} 52. Ra8 {[%clk 0:00:44]} Rxe5
{[%clk 0:03:00]} 53. Rg8+ {[%clk 0:00:51]} Kf7 {[%clk 0:03:08]} 54. Ra8
{[%clk 0:00:55]} Re4+ {[%clk 0:03:17]} 55. Kg3 {[%clk 0:01:04]} f5
{[%clk 0:03:15]} 56. Rh8 {[%clk 0:01:06]} Rg4+ {[%clk 0:03:20]} 57. Kf3
{[%clk 0:01:14]} Rh4 {[%clk 0:03:24]} 58. Ra8 {[%clk 0:01:20]} Kf6
{[%clk 0:03:31]} 59. Rf8+ {[%clk 0:01:24]} Ke5 {[%clk 0:03:39]} 60. Kg3
{[%clk 0:01:25]} Rg4+ {[%clk 0:03:44]} 61. Kf3 {[%clk 0:01:34]} Rf4+
{[%clk 0:03:53]} 62. Kg3 {[%clk 0:01:43]} g4 {[%clk 0:03:58]} 63. Ra8
{[%clk 0:01:52]} Rf3+ {[%clk 0:04:07]} 64. Kg2 {[%clk 0:02:01]} Rd3
{[%clk 0:04:13]} 65. Ra4 {[%clk 0:02:09]} f4 {[%clk 0:03:52]} 66. Ra8
{[%clk 0:01:58]} g3 {[%clk 0:03:46]} 67. f3 {[%clk 0:00:47]} Rd2+
{[%clk 0:03:50]} 68. Kg1 {[%clk 0:00:27]} Rf2 {[%clk 0:03:56]} 69. Ra3
{[%clk 0:00:33]} Kf5 {[%clk 0:03:58]} 70. Rb3 {[%clk 0:00:41]} e5
{[%clk 0:04:00]} 71. Ra3 Kg5 {[%clk 0:04:05]} 72. Rb3 {[%clk 0:00:55]} Kh4
{[%clk 0:04:06]} 73. Ra3 {[%clk 0:01:02]} Kh3 {[%clk 0:03:54]} 74. Rb3
{[%clk 0:01:03]} Rg2+ {[%clk 0:03:29]} 75. Kh1 {[%clk 0:01:07]} Re2
{[%clk 0:03:27]} 76. Rb1 {[%clk 0:01:14]} g2+ {[%clk 0:03:14]} 77. Kg1
{[%clk 0:01:22]} Kg3 {[%clk 0:03:18]} 78. Rc1 {[%clk 0:01:29]} Rf2
{[%clk 0:03:09]} 79. Rb1 {[%clk 0:01:38]} Rf1+ {[%clk 0:03:16]} 0-1

[Event "TeamRussiamenrapid"]
[Site "?"]
[Date "2016.10.06"]
[Round "8.4"]
[White "Popov, Ivan"]
[Black "Vastrukhin, Oleg"]
[Result "1-0"]
[LiveChessVersion "1.4.4"]
[BlackElo "2456"]
[WhiteElo "2695"]

1. e4 {[%clk 0:15:19]} e6 {[%clk 0:15:19]} 2. d4 {[%clk 0:15:27]} d5
{[%clk 0:15:27]} 3. Nc3 {[%clk 0:15:35]} Bb4 {[%clk 0:15:35]} 4. a3
{[%clk 0:15:39]} Bxc3+ {[%clk 0:15:42]} 5. bxc3 {[%clk 0:15:48]} dxe4
{[%clk 0:15:48]} 6. Qg4 {[%clk 0:15:57]} Nf6 {[%clk 0:15:46]} 7. Qxg7
{[%clk 0:16:05]} Rg8 {[%clk 0:15:52]} 8. Qh6 {[%clk 0:16:14]} Nbd7
{[%clk 0:15:27]} 9. Ne2 {[%clk 0:16:09]} b6 {[%clk 0:14:49]} 10. a4
{[%clk 0:15:51]} Bb7 {[%clk 0:13:16]} 11. a5 {[%clk 0:15:59]} Rg6
{[%clk 0:12:52]} 12. Qh3 {[%clk 0:14:32]} Nd5 {[%clk 0:09:25]} 13. Qxh7
{[%clk 0:08:51]} N7f6 {[%clk 0:09:16]} 14. Qh3 {[%clk 0:08:15]} Qd6
{[%clk 0:07:35]} 15. axb6 {[%clk 0:07:13]} Qxb6 {[%clk 0:05:20]} 16. Ba3
{[%clk 0:05:26]} e3 {[%clk 0:04:41]} 17. fxe3 {[%clk 0:04:53]} O-O-O
{[%clk 0:04:19]} 18. Nf4 {[%clk 0:01:25]} Nxf4 {[%clk 0:02:58]} 19. exf4
{[%clk 0:01:34]} Rdg8 {[%clk 0:03:05]} 20. Rg1 {[%clk 0:01:03]} Nd5
{[%clk 0:02:44]} 21. Bc1 {[%clk 0:00:51]} Rg4 {[%clk 0:01:18]} 22. Be2
{[%clk 0:01:00]} Nxf4 {[%clk 0:01:15]} 23. Bxf4 {[%clk 0:01:09]} Rxf4
{[%clk 0:01:24]} 24. Kd2 {[%clk 0:01:18]} Qd6 {[%clk 0:00:41]} 25. Rxa7
{[%clk 0:00:35]} Rxd4+ {[%clk 0:00:48]} 26. Bd3 {[%clk 0:00:44]} Rf4
{[%clk 0:00:24]} 27. Qe3 {[%clk 0:00:36]} e5 {[%clk 0:00:23]} 28. Rxb7
{[%clk 0:00:24]} Kxb7 {[%clk 0:00:33]} 29. g3 {[%clk 0:00:29]} Rf6
{[%clk 0:00:13]} 30. Qe4+ {[%clk 0:00:30]} c6 {[%clk 0:00:11]} 31. Rb1+
{[%clk 0:00:35]} Kc7 {[%clk 0:00:20]} 32. Qe3 {[%clk 0:00:44]} Rc8
{[%clk 0:00:12]} 33. Ke2 {[%clk 0:00:38]} Kd8 {[%clk 0:00:17]} 34. Qg5
{[%clk 0:00:28]} Qe7 {[%clk 0:00:26]} 35. Bf5 {[%clk 0:00:26]} Kc7
{[%clk 0:00:17]} 36. Qg4 {[%clk 0:00:16]} Rb8 {[%clk 0:00:13]} 37. Ra1
{[%clk 0:00:25]} Qc5 {[%clk 0:00:21]} 38. Qg5 {[%clk 0:00:23]} Qc4+
{[%clk 0:00:12]} 39. Bd3 {[%clk 0:00:30]} Qe6 {[%clk 0:00:21]} 40. Qe3
{[%clk 0:00:26]} Kd6 {[%clk 0:00:13]} 41. Rd1 {[%clk 0:00:29]} Kc7
{[%clk 0:00:11]} 42. Qa7+ {[%clk 0:00:27]} Rb7 {[%clk 0:00:20]} 43. Qa5+
{[%clk 0:00:37]} Kb8 {[%clk 0:00:24]} 44. Qd8+ {[%clk 0:00:32]} Qc8
{[%clk 0:00:23]} 45. Qxf6 {[%clk 0:00:41]} Qg4+ {[%clk 0:00:27]} 46. Qf3
{[%clk 0:00:49]} Qg7 {[%clk 0:00:31]} 47. Qxc6 {[%clk 0:00:55]} 1-0

[Event "TeamRussiamenrapid"]
[Site "?"]
[Date "2016.10.06"]
[Round "8.5"]
[White "Fedoseev, Vladimir"]
[Black "Savchenko, Boris"]
[Result "1/2-1/2"]
[LiveChessVersion "1.4.4"]
[BlackElo "2676"]
[WhiteElo "2740"]

1. d4 {[%clk 0:15:18]} Nf6 {[%clk 0:15:10]} 2. c4 {[%clk 0:15:26]} g6
{[%clk 0:15:18]} 3. Nc3 {[%clk 0:15:34]} d5 {[%clk 0:15:27]} 4. cxd5
{[%clk 0:15:06]} Nxd5 {[%clk 0:15:35]} 5. e4 {[%clk 0:15:14]} Nxc3
{[%clk 0:15:44]} 6. bxc3 {[%clk 0:15:23]} Bg7 {[%clk 0:15:52]} 7. Bb5+
{[%clk 0:15:31]} c6 {[%clk 0:15:58]} 8. Ba4 {[%clk 0:15:40]} O-O {[%clk 0:16:03]}
9. Ne2 {[%clk 0:15:48]} c5 {[%clk 0:15:41]} 10. O-O {[%clk 0:15:49]} b6
{[%clk 0:13:58]} 11. Be3 {[%clk 0:15:57]} Bb7 {[%clk 0:13:47]} 12. f3
{[%clk 0:15:51]} Qc7 {[%clk 0:11:03]} 13. Rc1 {[%clk 0:15:37]} Nc6
{[%clk 0:10:07]} 14. d5 {[%clk 0:15:26]} Na5 {[%clk 0:10:00]} 15. c4
{[%clk 0:15:32]} Ba6 {[%clk 0:09:58]} 16. Bb3 {[%clk 0:15:35]} e6
{[%clk 0:09:32]} 17. Bf4 {[%clk 0:14:43]} Qd7 {[%clk 0:08:44]} 18. Ba4
{[%clk 0:13:44]} Qd8 {[%clk 0:08:36]} 19. Qd3 {[%clk 0:12:49]} exd5
{[%clk 0:05:01]} 20. exd5 {[%clk 0:12:58]} Nxc4 {[%clk 0:04:35]} 21. Rxc4
{[%clk 0:13:06]} b5 {[%clk 0:04:44]} 22. Rxc5 {[%clk 0:12:57]} Qb6
{[%clk 0:04:47]} 23. Qc2 {[%clk 0:12:57]} Rac8 {[%clk 0:04:15]} 24. Be3
{[%clk 0:12:57]} bxa4 {[%clk 0:04:22]} 25. Rb1 {[%clk 0:12:26]} Bh6
{[%clk 0:02:40]} 26. f4 {[%clk 0:11:45]} Qd6 {[%clk 0:02:10]} 27. Kf2
{[%clk 0:10:24]} Qxd5 {[%clk 0:02:11]} 28. Qxg6+ {[%clk 0:09:55]} hxg6
{[%clk 0:01:29]} 29. Rxd5 {[%clk 0:10:04]} Rc2 {[%clk 0:00:27]} 30. Rd2
{[%clk 0:10:11]} Rfc8 {[%clk 0:00:31]} 31. Rb8 {[%clk 0:09:43]} Rxd2
{[%clk 0:00:23]} 32. Rxc8+ {[%clk 0:09:52]} Bxc8 {[%clk 0:00:32]} 33. Bxd2
{[%clk 0:10:01]} Be6 {[%clk 0:00:40]} 34. a3 {[%clk 0:09:40]} Bf8
{[%clk 0:00:47]} 35. Bc1 {[%clk 0:09:48]} Bc5+ {[%clk 0:00:51]} 36. Ke1
{[%clk 0:09:55]} Kf8 {[%clk 0:00:45]} 37. Nc3 {[%clk 0:09:55]} Bd7
{[%clk 0:00:43]} 38. Ke2 {[%clk 0:09:46]} f5 {[%clk 0:00:43]} 39. h3
{[%clk 0:09:21]} Kf7 {[%clk 0:00:35]} 40. Kd3 {[%clk 0:09:24]} Bc6
{[%clk 0:00:40]} 41. g4 {[%clk 0:09:32]} Ke6 {[%clk 0:00:26]} 42. Kc4
{[%clk 0:09:41]} Bf2 {[%clk 0:00:23]} 43. Nd1 {[%clk 0:09:46]} Bh4
{[%clk 0:00:24]} 44. Be3 {[%clk 0:09:47]} Bf3 {[%clk 0:00:15]} 45. gxf5+
{[%clk 0:09:00]} Kxf5 {[%clk 0:00:16]} 46. Nc3 {[%clk 0:09:09]} Be7
{[%clk 0:00:22]} 47. Nxa4 {[%clk 0:08:54]} Be2+ {[%clk 0:00:16]} 48. Kd5
{[%clk 0:09:02]} Bxa3 {[%clk 0:00:13]} 49. Bxa7 {[%clk 0:09:05]} Kxf4
{[%clk 0:00:15]} 50. Nc3 {[%clk 0:09:10]} Bf1 {[%clk 0:00:22]} 51. h4
{[%clk 0:08:58]} Kg3 {[%clk 0:00:17]} 52. Bc5 {[%clk 0:07:45]} Bb2
{[%clk 0:00:17]} 53. Nd1 {[%clk 0:07:43]} Bh8 {[%clk 0:00:12]} 54. Ne3
{[%clk 0:07:42]} Bh3 {[%clk 0:00:19]} 55. Be7 {[%clk 0:07:42]} Kf3
{[%clk 0:00:25]} 56. Ke4+ 1/2-1/2

[Event "TeamRussiamenrapid"]
[Site "?"]
[Date "2016.10.06"]
[Round "8.6"]
[White "Bocharov, Dmitry"]
[Black "Chigaev, Maksim"]
[Result "1/2-1/2"]
[LiveChessVersion "1.4.4"]
[BlackElo "2627"]
[WhiteElo "2612"]

1. c4 {[%clk 0:15:17]} Nf6 {[%clk 0:15:06]} 2. Nc3 {[%clk 0:15:24]} g6
{[%clk 0:15:12]} 3. d4 {[%clk 0:14:58]} Bg7 {[%clk 0:15:03]} 4. e4
{[%clk 0:15:06]} d6 {[%clk 0:15:12]} 5. Nge2 {[%clk 0:15:12]} O-O
{[%clk 0:15:08]} 6. Ng3 {[%clk 0:15:20]} c5 {[%clk 0:15:12]} 7. d5
{[%clk 0:15:27]} e6 {[%clk 0:15:20]} 8. Be2 {[%clk 0:15:35]} exd5
{[%clk 0:15:20]} 9. cxd5 {[%clk 0:15:43]} Re8 {[%clk 0:15:12]} 10. O-O
{[%clk 0:15:50]} a6 {[%clk 0:15:20]} 11. a4 {[%clk 0:15:57]} Nbd7
{[%clk 0:15:17]} 12. Be3 {[%clk 0:14:29]} Rb8 {[%clk 0:15:14]} 13. Qc2
{[%clk 0:14:13]} h5 {[%clk 0:15:08]} 14. Rfe1 {[%clk 0:10:01]} h4
{[%clk 0:13:55]} 15. Nf1 {[%clk 0:09:33]} h3 {[%clk 0:13:21]} 16. g3
{[%clk 0:08:48]} b5 {[%clk 0:13:15]} 17. axb5 {[%clk 0:08:40]} axb5
{[%clk 0:13:24]} 18. Nd2 {[%clk 0:08:45]} b4 {[%clk 0:12:02]} 19. Nd1
{[%clk 0:08:47]} Ne5 {[%clk 0:11:28]} 20. f3 {[%clk 0:08:31]} Bd7
{[%clk 0:08:55]} 21. Nf2 {[%clk 0:08:22]} b3 {[%clk 0:08:29]} 22. Qd1
{[%clk 0:07:43]} Bb5 {[%clk 0:07:20]} 23. f4 {[%clk 0:04:42]} Ned7
{[%clk 0:06:53]} 24. Bxb5 {[%clk 0:04:20]} Rxb5 {[%clk 0:07:01]} 25. Ra3
{[%clk 0:03:38]} c4 {[%clk 0:03:58]} 26. Nxc4 {[%clk 0:03:23]} Nxe4
{[%clk 0:04:07]} 27. Rxb3 {[%clk 0:02:24]} Nxf2 {[%clk 0:02:32]} 28. Bxf2
{[%clk 0:02:28]} Rxe1+ {[%clk 0:02:40]} 29. Bxe1 {[%clk 0:02:34]} Rxb3
{[%clk 0:01:35]} 30. Qxb3 {[%clk 0:02:42]} Qe8 {[%clk 0:01:29]} 31. Bf2
{[%clk 0:00:50]} Qe4 {[%clk 0:01:20]} 32. Ne3 {[%clk 0:00:54]} Qb1+
{[%clk 0:01:06]} 33. Qd1 {[%clk 0:00:56]} Qxb2 {[%clk 0:01:14]} 34. Qg4
{[%clk 0:00:30]} Qb1+ {[%clk 0:00:39]} 35. Nf1 {[%clk 0:00:37]} Nf6
{[%clk 0:00:33]} 36. Qxh3 {[%clk 0:00:25]} Nxd5 {[%clk 0:00:40]} 37. Qg2
{[%clk 0:00:23]} Nc3 {[%clk 0:00:42]} 38. Qf3 {[%clk 0:00:24]} d5
{[%clk 0:00:48]} 39. Kg2 {[%clk 0:00:25]} d4 {[%clk 0:00:51]} 40. g4
{[%clk 0:00:31]} Ne4 {[%clk 0:00:34]} 41. f5 {[%clk 0:00:33]} gxf5
{[%clk 0:00:39]} 42. Qxf5 {[%clk 0:00:38]} Qb7 {[%clk 0:00:19]} 43. Qf3
{[%clk 0:00:38]} Qe7 {[%clk 0:00:14]} 44. Ng3 {[%clk 0:00:44]} Nxg3
{[%clk 0:00:21]} 45. Bxg3 {[%clk 0:00:48]} Qd7 {[%clk 0:00:25]} 46. Bf4
{[%clk 0:00:44]} 1/2-1/2

[Event "TeamRussiamenrapid"]
[Site "?"]
[Date "2016.10.06"]
[Round "8.7"]
[White "Predke, Alexandr"]
[Black "Zablotsky, Sergei"]
[Result "1/2-1/2"]
[LiveChessVersion "1.4.4"]
[BlackElo "2493"]
[WhiteElo "2618"]

1. e4 {[%clk 0:15:16]} d6 {[%clk 0:15:18]} 2. d4 {[%clk 0:15:24]} Nf6
{[%clk 0:15:27]} 3. Nc3 {[%clk 0:15:32]} e5 {[%clk 0:15:35]} 4. Nf3
{[%clk 0:15:25]} Nbd7 {[%clk 0:15:43]} 5. Bc4 {[%clk 0:15:32]} Be7
{[%clk 0:15:51]} 6. O-O {[%clk 0:15:39]} O-O {[%clk 0:15:59]} 7. a4
{[%clk 0:15:42]} c6 {[%clk 0:16:08]} 8. Ba2 {[%clk 0:15:50]} Qc7 {[%clk 0:15:12]}
9. Re1 {[%clk 0:15:53]} b6 {[%clk 0:15:02]} 10. h3 {[%clk 0:15:42]} a6
{[%clk 0:15:09]} 11. Be3 {[%clk 0:15:28]} Rb8 {[%clk 0:15:16]} 12. Rb1
{[%clk 0:11:39]} b5 {[%clk 0:11:47]} 13. axb5 {[%clk 0:11:46]} axb5
{[%clk 0:11:55]} 14. b4 {[%clk 0:11:55]} Nb6 {[%clk 0:11:32]} 15. Qd3
{[%clk 0:10:30]} Nfd7 {[%clk 0:10:54]} 16. Bb3 {[%clk 0:09:58]} exd4
{[%clk 0:10:37]} 17. Bxd4 {[%clk 0:09:27]} Ne5 {[%clk 0:10:25]} 18. Qe3
{[%clk 0:08:34]} Nbc4 {[%clk 0:10:19]} 19. Bxc4 {[%clk 0:08:04]} Nxc4
{[%clk 0:10:27]} 20. Qf4 {[%clk 0:08:13]} f6 {[%clk 0:09:22]} 21. Ra1
{[%clk 0:08:14]} Be6 {[%clk 0:09:03]} 22. Ra7 {[%clk 0:08:06]} Rb7
{[%clk 0:09:12]} 23. Rea1 {[%clk 0:07:55]} Rfb8 {[%clk 0:07:42]} 24. Rxb7
{[%clk 0:05:55]} Rxb7 {[%clk 0:07:41]} 25. Ra8+ {[%clk 0:06:04]} Rb8
{[%clk 0:07:48]} 26. Ra7 {[%clk 0:06:12]} Rb7 {[%clk 0:07:56]} 27. Ra8+
{[%clk 0:06:19]} Rb8 {[%clk 0:08:03]} 28. Ra7 {[%clk 0:06:00]} Rb7
{[%clk 0:08:09]} 29. Ra8+ {[%clk 0:06:08]} 1/2-1/2

[Event "TeamRussiamenrapid"]
[Site "?"]
[Date "2016.10.06"]
[Round "8.8"]
[White "Evdokimov, Alexander A."]
[Black "Yuffa, Daniil"]
[Result "1-0"]
[LiveChessVersion "1.4.4"]
[BlackElo "2566"]
[WhiteElo "2467"]

1. d4 {[%clk 0:15:18]} Nf6 {[%clk 0:15:20]} 2. Nf3 {[%clk 0:15:24]} g6
{[%clk 0:15:28]} 3. Nbd2 {[%clk 0:15:16]} Bg7 {[%clk 0:15:23]} 4. e4
{[%clk 0:15:25]} d6 {[%clk 0:15:32]} 5. Bd3 {[%clk 0:15:30]} O-O {[%clk 0:15:41]}
6. O-O {[%clk 0:15:38]} Nbd7 {[%clk 0:15:49]} 7. c3 {[%clk 0:15:44]} e5
{[%clk 0:15:58]} 8. Re1 {[%clk 0:15:49]} c6 {[%clk 0:15:46]} 9. a4
{[%clk 0:15:46]} Re8 {[%clk 0:15:11]} 10. a5 {[%clk 0:15:19]} exd4
{[%clk 0:14:55]} 11. cxd4 {[%clk 0:15:15]} Nf8 {[%clk 0:14:07]} 12. h3
{[%clk 0:15:08]} Ne6 {[%clk 0:13:54]} 13. Nf1 {[%clk 0:14:25]} Nh5
{[%clk 0:11:51]} 14. Be3 {[%clk 0:11:09]} Nef4 {[%clk 0:11:21]} 15. Bb1
{[%clk 0:10:57]} c5 {[%clk 0:08:21]} 16. Ra3 {[%clk 0:10:19]} cxd4
{[%clk 0:07:51]} 17. Bxd4 {[%clk 0:09:40]} Bxd4 {[%clk 0:07:13]} 18. Qxd4
{[%clk 0:09:45]} Qf6 {[%clk 0:06:03]} 19. N1d2 {[%clk 0:08:12]} Be6
{[%clk 0:05:28]} 20. Qxf6 {[%clk 0:07:51]} Nxf6 {[%clk 0:05:37]} 21. Nd4
{[%clk 0:08:00]} d5 {[%clk 0:04:38]} 22. Kh2 {[%clk 0:06:59]} Rad8
{[%clk 0:04:06]} 23. e5 {[%clk 0:06:33]} Nd7 {[%clk 0:03:08]} 24. g3
{[%clk 0:06:42]} Nh5 {[%clk 0:02:57]} 25. f4 {[%clk 0:06:33]} Nb8
{[%clk 0:02:41]} 26. Rc3 {[%clk 0:06:03]} Na6 {[%clk 0:01:32]} 27. N2b3
{[%clk 0:05:26]} Bd7 {[%clk 0:01:15]} 28. Nc5 {[%clk 0:05:04]} Nxc5
{[%clk 0:01:22]} 29. Rxc5 {[%clk 0:05:14]} Ng7 {[%clk 0:01:16]} 30. Rd1
{[%clk 0:03:17]} Ne6 {[%clk 0:00:19]} 31. Rxd5 {[%clk 0:03:17]} Ba4
{[%clk 0:00:21]} 32. Nxe6 {[%clk 0:03:13]} Rxd5 {[%clk 0:00:30]} 33. Rxd5
{[%clk 0:03:22]} Rxe6 {[%clk 0:00:38]} 34. Rd4 {[%clk 0:02:43]} Bc6
{[%clk 0:00:32]} 35. Kg1 {[%clk 0:02:37]} Kg7 {[%clk 0:00:40]} 36. Kf2
{[%clk 0:02:45]} f6 {[%clk 0:00:42]} 37. Rd6 {[%clk 0:01:46]} Rxd6
{[%clk 0:00:38]} 38. exd6 {[%clk 0:01:55]} Kf7 {[%clk 0:00:46]} 39. f5
{[%clk 0:02:04]} g5 {[%clk 0:00:15]} 40. Ba2+ {[%clk 0:01:57]} Ke8
{[%clk 0:00:24]} 41. Be6 {[%clk 0:02:06]} Kd8 {[%clk 0:00:23]} 42. h4
{[%clk 0:02:14]} h6 {[%clk 0:00:24]} 43. Ke3 {[%clk 0:02:14]} Bg2
{[%clk 0:00:22]} 44. Kd4 {[%clk 0:01:32]} b6 {[%clk 0:00:31]} 45. axb6
{[%clk 0:01:32]} axb6 {[%clk 0:00:41]} 46. Kc4 {[%clk 0:01:40]} Bf1+
{[%clk 0:00:45]} 47. Kd5 {[%clk 0:01:48]} Bg2+ {[%clk 0:00:54]} 48. Kc4
{[%clk 0:01:49]} Bf1+ {[%clk 0:01:03]} 49. Kb4 {[%clk 0:01:58]} Be2
{[%clk 0:01:05]} 50. Bc4 {[%clk 0:01:21]} Bg4 {[%clk 0:01:04]} 51. hxg5
{[%clk 0:01:28]} hxg5 {[%clk 0:01:13]} 52. Be6 {[%clk 0:01:37]} Be2
{[%clk 0:01:22]} 53. Bc4 {[%clk 0:01:03]} Bg4 {[%clk 0:01:31]} 54. Kb5
{[%clk 0:01:12]} Kd7 {[%clk 0:01:41]} 55. Kxb6 {[%clk 0:01:21]} Kxd6 56. Be6
{[%clk 0:01:15]} Ke5 {[%clk 0:01:42]} 57. Kc5 {[%clk 0:01:22]} Bd1
{[%clk 0:00:43]} 58. b4 {[%clk 0:01:22]} Ba4 {[%clk 0:00:52]} 59. b5
{[%clk 0:01:05]} Bxb5 {[%clk 0:01:01]} 60. Kxb5 {[%clk 0:01:14]} Ke4
{[%clk 0:01:11]} 61. Kc5 {[%clk 0:00:50]} Kf3 {[%clk 0:01:20]} 62. Kd6
{[%clk 0:00:58]} Kxg3 63. Ke7 {[%clk 0:01:07]} Kf4 {[%clk 0:01:32]} 64. Kxf6
{[%clk 0:01:16]} g4 {[%clk 0:01:40]} 65. Bd5 {[%clk 0:01:24]} 1-0

[Event "TeamRussiamenrapid"]
[Site "?"]
[Date "2016.10.06"]
[Round "8.9"]
[White "Bologan, Victor"]
[Black "Artemiev, Vladislav"]
[Result "0-1"]
[LiveChessVersion "1.4.4"]
[BlackElo "2701"]
[WhiteElo "2569"]

1. e4 {[%clk 0:15:19]} c5 {[%clk 0:15:17]} 2. Nf3 {[%clk 0:15:28]} d6
{[%clk 0:15:23]} 3. Bb5+ {[%clk 0:15:31]} Nd7 {[%clk 0:15:30]} 4. c3
{[%clk 0:15:21]} Ngf6 {[%clk 0:15:31]} 5. Qe2 {[%clk 0:15:29]} a6
{[%clk 0:15:30]} 6. Ba4 {[%clk 0:15:37]} b5 {[%clk 0:15:24]} 7. Bc2
{[%clk 0:15:45]} Bb7 {[%clk 0:14:49]} 8. O-O {[%clk 0:15:00]} e6 {[%clk 0:14:13]}
9. d4 {[%clk 0:14:59]} Be7 {[%clk 0:14:21]} 10. Re1 {[%clk 0:14:23]} O-O
{[%clk 0:13:06]} 11. Nbd2 {[%clk 0:14:07]} Qc7 {[%clk 0:12:14]} 12. Nf1
{[%clk 0:13:52]} Rfc8 {[%clk 0:11:34]} 13. Bd3 {[%clk 0:13:45]} Bf8
{[%clk 0:10:13]} 14. Ng3 {[%clk 0:12:21]} g6 {[%clk 0:10:21]} 15. h3
{[%clk 0:11:21]} Bg7 {[%clk 0:10:23]} 16. a4 {[%clk 0:10:58]} c4 {[%clk 0:07:05]}
17. Bc2 {[%clk 0:11:06]} e5 {[%clk 0:07:13]} 18. Be3 {[%clk 0:10:39]} Re8
{[%clk 0:05:16]} 19. d5 {[%clk 0:10:09]} Nc5 {[%clk 0:05:24]} 20. Qd2
{[%clk 0:10:18]} Rab8 {[%clk 0:05:13]} 21. Nh4 {[%clk 0:09:53]} Bc8
{[%clk 0:05:15]} 22. axb5 {[%clk 0:09:58]} axb5 {[%clk 0:05:21]} 23. Ra3
{[%clk 0:09:40]} Bd7 {[%clk 0:04:30]} 24. Rea1 {[%clk 0:09:47]} Rb7
{[%clk 0:04:14]} 25. Bh6 {[%clk 0:09:25]} Reb8 {[%clk 0:04:02]} 26. Bxg7
{[%clk 0:07:20]} Kxg7 {[%clk 0:04:11]} 27. f4 {[%clk 0:07:28]} Qb6
{[%clk 0:03:11]} 28. Kh1 {[%clk 0:07:18]} b4 {[%clk 0:03:19]} 29. fxe5
{[%clk 0:05:27]} Nfxe4 {[%clk 0:03:15]} 30. Bxe4 {[%clk 0:04:51]} bxa3
{[%clk 0:03:23]} 31. Nh5+ {[%clk 0:01:38]} gxh5 {[%clk 0:03:31]} 32. Qg5+
{[%clk 0:01:47]} Kf8 {[%clk 0:03:40]} 33. Bxh7 {[%clk 0:01:45]} dxe5
{[%clk 0:03:23]} 34. Rf1 {[%clk 0:01:52]} Ke8 {[%clk 0:01:50]} 35. Qxe5+
{[%clk 0:00:40]} Kd8 {[%clk 0:01:59]} 36. Rxf7 {[%clk 0:00:43]} Be8
{[%clk 0:01:38]} 37. Qg5+ {[%clk 0:00:49]} Kc8 {[%clk 0:01:48]} 38. Bf5+
{[%clk 0:00:48]} Rd7 {[%clk 0:01:54]} 39. Rf8 {[%clk 0:00:25]} Kb7
{[%clk 0:01:12]} 40. Bxd7 {[%clk 0:00:29]} Nxd7 {[%clk 0:01:21]} 41. Rf1
{[%clk 0:00:25]} axb2 {[%clk 0:01:24]} 42. Rb1 {[%clk 0:00:20]} Ra8
{[%clk 0:01:32]} 0-1